| 000 | 00346nam a22000977a 4500 | ||
|---|---|---|---|
| 008 | 160321b xxu||||| |||| 00| 0 eng d | ||
| 100 | _aBohne, Werner | ||
| 245 |
_aReference Manual of Forgeries vol 2 - Bremen - Helgoland _bGermany Philatelic Society |
||
| 260 |
_aArnold, MD _bGermany Philatelic Society _c1975-2000 |
||
| 700 | _aGermany Philatelic Society | ||
| 999 |
_c1849 _d1849 |
||